Numerical methods for scientists and engineers

Gespeichert in:
Bibliographische Detailangaben
1. Verfasser: Hamming, Richard W (Verfasst von)
Format: Buch
Sprache:Englisch
Veröffentlicht: Tokyo : McGraw-Hill, 1973
Ausgabe:2.ed.
Schlagworte:
Tags: Tag hinzufügen
Keine Tags, Fügen Sie das erste Tag hinzu!

MARC

LEADER 00000nam a22000003a 4500
001 stu216999
005 20150617230112.9
008 101118s1988----ja------------------eng-d
040 |a STU  |b slo 
041 0 |a eng 
044 |a ja 
080 |a 518 
080 |a 62 
100 1 |a Hamming, Richard W  |4 aut 
245 1 |a Numerical methods for scientists and engineers 
250 |a 2.ed. 
260 |a Tokyo :  |b McGraw-Hill,  |c 1973 
300 |a 9, 721 s 
650 7 |a numerické metódy  |2 stusub 
650 7 |a výpočtová matematika  |2 stusub 
996 |b E30724  |c E*30724  |l EE16  |s P  |a 0  |w stu216999_0002 
996 |b E34381  |c E*34381  |l EE03  |s P  |a 0  |w stu216999_0003